00962nam a22002417a 450000500170000001000130001702000100003003500130004003700160005304000120006908200160008110000310009724500600012826000510018827000420023930000260028150000500030765000500035765000810040794200250048899900190051395201880053220170124110039.0 aA-427538 c00.00 aA-427538 bCen Lib/Ret aDPLbEN a881.08bRAV aRavindran, Sankaran923238 aW.B.Yeats and Indian tradition /cby Sankaran Ravindran aDelhibKonark Publishers Private Limitedc1990 aA-149, Main Vikas MargbDelhie110092 aviii,137p. c20cm(Hb) aIncludes bibliographical references and index aEnglish literature -- Indic influences923239 a Yeats, W. B. -- (William Butler), -- 1865-1939 -- Knowledge -- India923240 2ddccENh881.08mRAV c128388d128388 04104070aLbLd2015-07-02eCen Lib/Retg0.00l0o881.08 RAVpA-427538r2015-07-02 00:00:00t1v0.00w2015-07-02yENzWritten off on approval by DLB (By Circulation); dtd 15-06-2023